00708nam a2200241 a 4500001001300000003000900013005001700022008004100039020002300080082001600103100001600119245001400135260004600149300000900195500003500204650002000239650003000259700001600289902000800305942000700313952012900320999001700449nice12345678IN_TiNIC20260116014724.0131226s1993 pana grp 000 0 eng  a9788170583080c15000a181.45bAUR aAurobindo,  aAurobindo aPandicherry bSri Aurobindo Ashram c1993 a401p aincludes index and biblioraphy aYoga-Philosophy aAurobindo-Yoga Philosophy1 aAurobindo,  bSRS cBK 001040708StackRoom-aHMIbHMId2014-02-18g150.00l3o181.45 AURp024269r2019-03-13s2019-03-01v150.00w2013-12-26yBK c16640d16640